|
|
|
|
| LEADER |
01021nam a2200301 4500 |
| 001 |
DLU120144816 |
| 005 |
##20121217 |
| 040 |
# |
# |
|a DLU
|b vie
|
| 041 |
# |
# |
|a vie
|
| 044 |
# |
# |
|a vn
|
| 100 |
# |
# |
|a Vũ Anh Dũng.
|
| 245 |
# |
# |
|a Thực tiễn hữ ích trong việc triển khai chuẩn CMMI cho các doanh nghiệp gia công phần mềm Việt Nam :
|b Bài học từ FPT Software /
|c Vũ Anh Dũng, Lê Hải Yến, Vũ Phương Thảo, Xa Mạnh Hùng.
|
| 653 |
# |
# |
|a Chất lượng
|
| 653 |
# |
# |
|a Sản phẩm
|
| 653 |
# |
# |
|a Thương hiệu
|
| 700 |
# |
# |
|a Lê Hải Yến.
|
| 700 |
# |
# |
|a Vũ Phương Thảo.
|
| 700 |
# |
# |
|a Xa Mạnh Hùng.
|
| 773 |
# |
# |
|t Tạp chí Khoa học Kinh tế và kinh doanh
|g Số 2(26), 2010, tr. 105-117
|
| 920 |
# |
# |
|a Phòng Tạp chí -- Trung tâm Thông tin - Thư viện Trường Đại học Đà Lạt
|
| 994 |
# |
# |
|a DLU
|
| 900 |
# |
# |
|a True
|
| 911 |
# |
# |
|a Nguyễn Thị Linh Chi
|
| 925 |
# |
# |
|a G
|
| 926 |
# |
# |
|a A
|
| 927 |
# |
# |
|a BB
|
| 980 |
# |
# |
|a Thư viện Trường Đại học Đà Lạt
|